| 000 | 02213cam a22005054a 4500 | ||
|---|---|---|---|
| 001 | 15095566 | ||
| 003 | OSt | ||
| 005 | 20240628104356.0 | ||
| 008 | 071128s2008 enk b 001 0 eng | ||
| 010 | _a 2007942229 | ||
| 015 |
_aGBA741470 _2bnb |
||
| 016 | 7 |
_a101486535 _2DNLM |
|
| 016 | 7 |
_a013756279 _2Uk |
|
| 020 | _a9781412934145 | ||
| 020 | _a1412934141 | ||
| 020 | _a9781412934152 (pbk.) | ||
| 020 | _a141293415X (pbk.) | ||
| 035 | _a(OCoLC)ocn137313407 | ||
| 040 |
_aNLM _cMUST _dUKM _dBAKER _dBTCTA _dYDXCP _dBWKUK _dBWK _dCDX _dBWX _dCS1 _dYBM _dIOG _dLML _dDEBSZ _dDLC |
||
| 042 |
_anlmcopyc _alccopycat |
||
| 082 | 0 | 4 | _a306.9 MAL 2008 |
| 100 | 1 |
_aMallon, Brenda. _918286 |
|
| 245 | 1 | 0 |
_aDying, death and grief : _bworking with adult bereavement / _cBrenda Mallon. |
| 260 |
_aLondon ; _aThousand Oaks, Calif. : _bSAGE, _c2008. |
||
| 300 |
_aix, 190 p. ; _c25 cm. |
||
| 504 | _aIncludes bibliographical references (p. [162]-184) and index. | ||
| 505 | 0 | _aAttachment and loss, death and dying. Theoretical foundations for bereavement counselling -- When death happens -- Core skills in working with those who grieve -- When the worst you can possible imagine happens: murder, manslaughter and suicide -- She should be over it by now: complicated grief -- Spirituality, religion, culture and rituals -- Creative approaches to expressing grief -- Dreams in dying, death and grief. | |
| 650 | 0 |
_aGrief. _918287 |
|
| 650 | 0 |
_aBereavement. _918288 |
|
| 650 | 0 |
_aCounseling. _95122 |
|
| 650 | 0 |
_aGrief therapy. _918289 |
|
| 650 | 1 | 2 |
_aCounseling _xmethods. _914088 |
| 650 | 2 | 2 |
_aAttitude to Death. _918290 |
| 650 | 2 | 2 |
_aGrief. _918291 |
| 650 | 2 | 2 |
_aObject Attachment. _918292 |
| 650 | 7 |
_aGrief. _2blmsh _918293 |
|
| 650 | 7 |
_aBereavement. _2blmsh _918294 |
|
| 650 | 7 |
_aCounseling. _2blmsh _95122 |
|
| 650 | 7 |
_aGrief therapy. _2blmsh _918295 |
|
| 856 | 4 | 1 |
_3Table of contents only _uhttp://www.loc.gov/catdir/enhancements/fy1108/2007942229-t.html |
| 856 | 4 | 2 |
_3Publisher description _uhttp://www.loc.gov/catdir/enhancements/fy1108/2007942229-d.html |
| 906 |
_a7 _bcbc _ccopycat _d2 _encip _f20 _gy-gencatlg |
||
| 942 |
_2ddc _cO_SHELF |
||
| 999 |
_c9004 _d9004 |
||